Statistics for Number of cardinals by country

Click here to take the quiz!

General Stats

  • This quiz has been taken 508 times
  • The average score is 21 of 30

Answer Stats

Number of cardinalsCountry% Correct
19United States
97%
50Italy
96%
10Spain
96%
10Brazil
94%
4Argentina
93%
8France
93%
4Mexico
92%
10Germany
91%
3United Kingdom
91%
6Poland
88%
2Portugal
88%
4Canada
87%
3Chile
81%
3Australia
79%
3Colombia
78%
2Ireland
78%
2China
71%
4Switzerland
70%
5India
69%
2Netherlands
62%
2Hungary
59%
2Slovakia
58%
2Czech Republic
55%
3Nigeria
55%
4Philippines
55%
2South Korea
42%
2Ukraine
41%
2Nicaragua
24%
2Lebanon
16%
2Côte d'Ivoire
9%

Score Distribution

Percentile by Number Answered

Percent of People with Each Score

Your Score History

You have not taken this quiz